[Event "Leili Parnpuu Memorial 2026"]
[Site "Pärnu, EE"]
[Date "2026.02.01"]
[Round "1"]
[White "Ter-Avetisjana, Agnesa Stepania"]
[Black "Shadrina, Eva"]
[Result "1-0"]
[Board "1"]
[WhiteFideId "11614900"]
[BlackFideId "4510623"]
[WhiteTitle "WIM"]
[BlackTitle "WCM"]
[WhiteElo "2188"]
[BlackElo "1768"]
[WhiteTeam "LAT"]
[BlackTeam "EST"]
[WhiteClock "0:11:23"]
[BlackClock "0:00:06"]
[Variant "Standard"]

1. e4 {[%clk 0:15:05]}  c5 {[%clk 0:15:05]} 2. Nf3 {[%clk 0:15:07]}  Nc6 {[%clk 0:15:06]} 3. Bb5 {[%clk 0:15:09]}  e6 {[%clk 0:15:06]} 4. Bxc6 {[%clk 0:15:10]}  bxc6 {[%clk 0:15:06]} 5. O-O {[%clk 0:15:11]}  d5 {[%clk 0:14:56]} 6. d3 {[%clk 0:15:12]}  Qc7 {[%clk 0:13:47]} 7. Nc3 {[%clk 0:15:12]}  d4 {[%clk 0:13:18]} 8. Na4 {[%clk 0:15:13]}  e5 {[%clk 0:11:35]} 9. h3 {[%clk 0:15:15]}  Nf6 {[%clk 0:11:02]} 10. b3 {[%clk 0:15:17]}  Bd6 {[%clk 0:10:36]} 11. Ba3 {[%clk 0:15:18]}  Qe7 {[%clk 0:10:26]} 12. Nd2 {[%clk 0:15:14]}  Ba6 {[%clk 0:09:57]} 13. Nc4 {[%clk 0:15:15]}  Bxc4 {[%clk 0:09:52]} 14. bxc4 {[%clk 0:15:16]}  O-O {[%clk 0:09:35]} 15. Qd2 {[%clk 0:15:16]}  Nd7 {[%clk 0:08:42]} 16. Rab1 {[%clk 0:15:01]}  Rab8 {[%clk 0:08:21]} 17. Qa5 {[%clk 0:15:00]}  Ra8 {[%clk 0:02:41]} 18. Rb7 {[%clk 0:15:00]}  f5 {[%clk 0:02:05]} 19. Qa6 {[%clk 0:13:56]}  fxe4 {[%clk 0:01:09]} 20. Qxc6 {[%clk 0:13:57]}  Rad8 {[%clk 0:00:47]} 21. Qxe4 {[%clk 0:13:42]}  Qe6 {[%clk 0:00:24]} 22. Qd5 {[%clk 0:13:10]}  Qxd5 {[%clk 0:00:22]} 23. cxd5 {[%clk 0:13:12]}  a6 {[%clk 0:00:12]} 24. f3 {[%clk 0:12:51]}  Nf6 {[%clk 0:00:08]} 25. Bxc5 {[%clk 0:12:36]}  Nxd5 {[%clk 0:00:07]} 26. Rfb1 {[%clk 0:11:35]}  Bxc5 {[%clk 0:00:08]} 27. Nxc5 {[%clk 0:11:37]}  Rde8 {[%clk 0:00:07]} 28. Ra7 {[%clk 0:11:24]}  Nc3 {[%clk 0:00:08]} 29. Rbb7 {[%clk 0:11:26]}  Kh8 {[%clk 0:00:06]} 30. Rxg7 {[%clk 0:11:23]} 1-0

[Event "Leili Parnpuu Memorial 2026"]
[Site "Pärnu, EE"]
[Date "2026.02.01"]
[Round "1"]
[White "Reren, Alexis Miriam"]
[Black "Olde, Grete"]
[Result "0-1"]
[Board "2"]
[WhiteFideId "4521765"]
[BlackFideId "4503104"]
[BlackTitle "WCM"]
[WhiteElo "1765"]
[BlackElo "2124"]
[WhiteTeam "EST"]
[BlackTeam "EST"]
[WhiteClock "0:00:04"]
[BlackClock "0:00:14"]
[Variant "Standard"]

1. d4 {[%clk 0:15:02]}  d5 {[%clk 0:15:05]} 2. c4 {[%clk 0:15:02]}  e6 {[%clk 0:15:06]} 3. Nc3 {[%clk 0:15:03]}  Be7 {[%clk 0:15:08]} 4. e3 {[%clk 0:15:02]}  Nf6 {[%clk 0:15:08]} 5. cxd5 {[%clk 0:15:00]}  Nxd5 {[%clk 0:14:34]} 6. e4 {[%clk 0:14:19]}  Nxc3 {[%clk 0:14:20]} 7. bxc3 {[%clk 0:14:18]}  c5 {[%clk 0:14:19]} 8. Nf3 {[%clk 0:13:40]}  O-O {[%clk 0:13:36]} 9. Be2 {[%clk 0:13:23]}  b6 {[%clk 0:12:40]} 10. O-O {[%clk 0:12:47]}  Bb7 {[%clk 0:12:27]} 11. e5 {[%clk 0:12:16]}  Nc6 {[%clk 0:12:02]} 12. Be3 {[%clk 0:11:31]}  Qc7 {[%clk 0:11:33]} 13. Rc1 {[%clk 0:11:04]}  Rad8 {[%clk 0:11:26]} 14. Qc2 {[%clk 0:10:42]}  Nb8 {[%clk 0:08:28]} 15. Rfd1 {[%clk 0:09:53]}  Nd7 {[%clk 0:08:20]} 16. h3 {[%clk 0:09:29]}  f6 {[%clk 0:07:54]} 17. Qb3 {[%clk 0:06:48]}  Bd5 {[%clk 0:07:09]} 18. c4 {[%clk 0:06:21]}  Bxf3 {[%clk 0:06:54]} 19. Bxf3 {[%clk 0:06:13]}  fxe5 {[%clk 0:06:52]} 20. d5 {[%clk 0:05:57]}  exd5 {[%clk 0:06:28]} 21. cxd5 {[%clk 0:05:20]}  Bd6 {[%clk 0:06:13]} 22. Bg5 {[%clk 0:04:59]}  Nf6 {[%clk 0:06:04]} 23. Qd3 {[%clk 0:03:38]}  Rde8 {[%clk 0:05:39]} 24. Be2 {[%clk 0:02:37]}  e4 {[%clk 0:05:19]} 25. Qc3 {[%clk 0:02:09]}  Bh2+ {[%clk 0:03:25]} 26. Kh1 {[%clk 0:01:52]}  Bf4 {[%clk 0:03:24]} 27. Bc4 {[%clk 0:00:40]}  Kh8 {[%clk 0:03:12]} 28. Bxf4 {[%clk 0:00:40]}  Qxf4 {[%clk 0:03:14]} 29. Rf1 {[%clk 0:00:31]}  Nd7 {[%clk 0:02:36]} 30. Bb5 {[%clk 0:00:26]}  Rd8 {[%clk 0:02:38]} 31. Rcd1 {[%clk 0:00:24]}  Ne5 {[%clk 0:02:29]} 32. Kg1 {[%clk 0:00:10]}  Rf6 {[%clk 0:02:21]} 33. g3 {[%clk 0:00:10]}  Qf5 {[%clk 0:02:02]} 34. Kg2 {[%clk 0:00:10]}  Nf3 {[%clk 0:01:50]} 35. a4 {[%clk 0:00:09]}  Rh6 {[%clk 0:01:18]} 36. h4 {[%clk 0:00:09]}  Rg6 {[%clk 0:01:18]} 37. Rh1 {[%clk 0:00:06]}  Qh5 {[%clk 0:00:44]} 38. Kf1 {[%clk 0:00:05]}  Nd4 {[%clk 0:00:38]} 39. Kg2 {[%clk 0:00:06]}  Qxd5 {[%clk 0:00:36]} 40. Bc4 {[%clk 0:00:06]}  Qb7 {[%clk 0:00:32]} 41. Kg1 {[%clk 0:00:07]}  Rf8 {[%clk 0:00:22]} 42. Qe3 {[%clk 0:00:07]}  Qc7 {[%clk 0:00:18]} 43. Kg2 {[%clk 0:00:08]}  Qe5 {[%clk 0:00:19]} 44. Be2 {[%clk 0:00:06]}  Nf5 {[%clk 0:00:20]} 45. Qb3 {[%clk 0:00:06]}  e3 {[%clk 0:00:19]} 46. Rhf1 {[%clk 0:00:05]}  Re8 {[%clk 0:00:14]} 47. Qf7 {[%clk 0:00:04]} 0-1

[Event "Leili Parnpuu Memorial 2026"]
[Site "Pärnu, EE"]
[Date "2026.02.01"]
[Round "1"]
[White "Berzina, Ilze"]
[Black "Istratova, Nika"]
[Result "1-0"]
[Board "3"]
[WhiteFideId "11601345"]
[BlackFideId "4520084"]
[WhiteTitle "WGM"]
[WhiteElo "2080"]
[BlackElo "1709"]
[WhiteTeam "LAT"]
[BlackTeam "EST"]
[WhiteClock "0:01:33"]
[BlackClock "0:00:07"]
[Variant "Standard"]

1. e4 {[%clk 0:15:02]}  e5 {[%clk 0:15:05]} 2. Nf3 {[%clk 0:15:01]}  Nc6 {[%clk 0:15:07]} 3. Bb5 {[%clk 0:15:02]}  a6 {[%clk 0:15:07]} 4. Ba4 {[%clk 0:15:03]}  Nf6 {[%clk 0:15:08]} 5. O-O {[%clk 0:15:01]}  b5 {[%clk 0:15:10]} 6. Bb3 {[%clk 0:15:02]}  Bc5 {[%clk 0:15:10]} 7. d3 {[%clk 0:14:38]}  h6 {[%clk 0:14:59]} 8. a4 {[%clk 0:14:27]}  Rb8 {[%clk 0:13:49]} 9. axb5 {[%clk 0:14:21]}  axb5 {[%clk 0:13:48]} 10. Nc3 {[%clk 0:14:06]}  d6 {[%clk 0:12:56]} 11. Nd5 {[%clk 0:12:44]}  Nxd5 {[%clk 0:11:30]} 12. exd5 {[%clk 0:11:59]}  Ne7 {[%clk 0:11:19]} 13. d4 {[%clk 0:11:46]}  exd4 {[%clk 0:08:54]} 14. Nxd4 {[%clk 0:11:43]}  O-O {[%clk 0:08:49]} 15. c3 {[%clk 0:10:11]}  Bxd4 {[%clk 0:06:25]} 16. Qxd4 {[%clk 0:10:01]}  Bf5 {[%clk 0:06:16]} 17. Re1 {[%clk 0:08:33]}  Ng6 {[%clk 0:04:14]} 18. Bd2 {[%clk 0:07:15]}  Ne5 {[%clk 0:02:54]} 19. Re3 {[%clk 0:06:45]}  Re8 {[%clk 0:01:23]} 20. Rae1 {[%clk 0:06:34]}  Qd7 {[%clk 0:00:54]} 21. Rg3 {[%clk 0:05:38]}  Ng6 {[%clk 0:00:37]} 22. h4 {[%clk 0:05:05]}  Rxe1+ {[%clk 0:00:35]} 23. Bxe1 {[%clk 0:05:06]}  Re8 {[%clk 0:00:13]} 24. Bd2 {[%clk 0:05:08]}  Kh7 {[%clk 0:00:07]} 25. h5 {[%clk 0:04:47]}  Ne5 {[%clk 0:00:10]} 26. Bd1 {[%clk 0:04:17]}  f6 {[%clk 0:00:07]} 27. b3 {[%clk 0:01:33]} 1-0

[Event "Leili Parnpuu Memorial 2026"]
[Site "Pärnu, EE"]
[Date "2026.02.01"]
[Round "2"]
[White "Narva, Regina"]
[Black "Ter-Avetisjana, Agnesa Stepania"]
[Result "0-1"]
[Board "1"]
[WhiteFideId "4500237"]
[BlackFideId "11614900"]
[WhiteTitle "WFM"]
[BlackTitle "WIM"]
[WhiteElo "1992"]
[BlackElo "2188"]
[WhiteTeam "EST"]
[BlackTeam "LAT"]
[WhiteClock "0:00:06"]
[BlackClock "0:04:11"]
[Variant "Standard"]

1. e4 {[%clk 0:15:04]}  c6 {[%clk 0:15:05]} 2. d4 {[%clk 0:15:04]}  d5 {[%clk 0:15:07]} 3. f3 {[%clk 0:15:05]}  Qb6 {[%clk 0:15:08]} 4. Nc3 {[%clk 0:14:56]}  Nf6 {[%clk 0:14:23]} 5. e5 {[%clk 0:14:25]}  Ng8 {[%clk 0:14:00]} 6. f4 {[%clk 0:14:21]}  h5 {[%clk 0:14:00]} 7. Nf3 {[%clk 0:14:22]}  Bg4 {[%clk 0:14:02]} 8. Be2 {[%clk 0:14:12]}  e6 {[%clk 0:14:02]} 9. h3 {[%clk 0:14:12]}  Bxf3 {[%clk 0:14:03]} 10. Bxf3 {[%clk 0:14:01]}  g6 {[%clk 0:14:05]} 11. O-O {[%clk 0:13:55]}  h4 {[%clk 0:13:23]} 12. Kh2 {[%clk 0:13:18]}  Nh6 {[%clk 0:13:25]} 13. Na4 {[%clk 0:12:25]}  Qc7 {[%clk 0:13:03]} 14. Be3 {[%clk 0:11:26]}  Nd7 {[%clk 0:13:04]} 15. Bf2 {[%clk 0:11:21]}  Nf5 {[%clk 0:13:05]} 16. c4 {[%clk 0:10:08]}  dxc4 {[%clk 0:12:32]} 17. Nc5 {[%clk 0:09:50]}  Nxc5 {[%clk 0:11:45]} 18. dxc5 {[%clk 0:09:51]}  Qa5 {[%clk 0:11:47]} 19. Qc2 {[%clk 0:09:24]}  Bxc5 {[%clk 0:11:03]} 20. Qxc4 {[%clk 0:08:55]}  Bxf2 {[%clk 0:11:04]} 21. Rxf2 {[%clk 0:08:31]}  O-O {[%clk 0:10:53]} 22. b4 {[%clk 0:08:23]}  Qb6 {[%clk 0:10:47]} 23. Rb2 {[%clk 0:08:14]}  Rad8 {[%clk 0:10:42]} 24. b5 {[%clk 0:07:32]}  Rd4 {[%clk 0:10:11]} 25. Qe2 {[%clk 0:07:24]}  c5 {[%clk 0:10:08]} 26. a4 {[%clk 0:07:22]}  c4 {[%clk 0:07:42]} 27. a5 {[%clk 0:07:13]}  Qc5 {[%clk 0:07:44]} 28. Bxb7 {[%clk 0:07:05]}  c3 {[%clk 0:07:46]} 29. Rc2 {[%clk 0:06:09]}  Rxf4 {[%clk 0:07:39]} 30. Qd2 {[%clk 0:02:13]}  Rc4 {[%clk 0:05:24]} 31. Qe1 {[%clk 0:01:36]}  Nd4 {[%clk 0:04:55]} 32. Rf2 {[%clk 0:00:57]}  c2 {[%clk 0:04:24]} 33. Rc1 {[%clk 0:00:32]}  Nb3 {[%clk 0:04:26]} 34. Rf6 {[%clk 0:00:06]}  Nxc1 {[%clk 0:04:11]} 0-1

[Event "Leili Parnpuu Memorial 2026"]
[Site "Pärnu, EE"]
[Date "2026.02.01"]
[Round "2"]
[White "Olde, Grete"]
[Black "Pikkmets, Reet"]
[Result "1-0"]
[Board "2"]
[WhiteFideId "4503104"]
[BlackFideId "4501802"]
[WhiteTitle "WCM"]
[WhiteElo "2124"]
[BlackElo "1974"]
[WhiteTeam "EST"]
[BlackTeam "EST"]
[WhiteClock "0:01:23"]
[BlackClock "0:00:16"]
[Variant "Standard"]

1. e4 {[%clk 0:15:04]}  e5 {[%clk 0:15:03]} 2. Nf3 {[%clk 0:15:06]}  Nc6 {[%clk 0:15:05]} 3. Bb5 {[%clk 0:15:07]}  d6 {[%clk 0:15:07]} 4. O-O {[%clk 0:15:02]}  Nf6 {[%clk 0:14:55]} 5. Re1 {[%clk 0:14:50]}  Be7 {[%clk 0:14:56]} 6. c3 {[%clk 0:14:36]}  O-O {[%clk 0:14:47]} 7. d3 {[%clk 0:14:25]}  Bg4 {[%clk 0:14:38]} 8. Nbd2 {[%clk 0:14:21]}  a6 {[%clk 0:13:46]} 9. Ba4 {[%clk 0:14:19]}  b5 {[%clk 0:13:43]} 10. Bc2 {[%clk 0:14:17]}  Na5 {[%clk 0:13:07]} 11. h3 {[%clk 0:14:13]}  Bh5 {[%clk 0:13:02]} 12. Nf1 {[%clk 0:14:11]}  c5 {[%clk 0:12:40]} 13. Ng3 {[%clk 0:13:55]}  Bg6 {[%clk 0:12:32]} 14. Nh4 {[%clk 0:13:15]}  Nd7 {[%clk 0:11:52]} 15. Nhf5 {[%clk 0:13:08]}  Nc6 {[%clk 0:10:25]} 16. Qf3 {[%clk 0:12:14]}  Rc8 {[%clk 0:09:19]} 17. Qg4 {[%clk 0:10:08]}  Nf6 {[%clk 0:07:42]} 18. Qf3 {[%clk 0:09:18]}  Re8 {[%clk 0:06:22]} 19. h4 {[%clk 0:09:04]}  h5 {[%clk 0:04:53]} 20. Bg5 {[%clk 0:08:49]}  Ng4 {[%clk 0:04:23]} 21. Bb3 {[%clk 0:07:56]}  Bxg5 {[%clk 0:02:07]} 22. hxg5 {[%clk 0:07:57]}  Rf8 {[%clk 0:01:45]} 23. Nf1 {[%clk 0:05:49]}  Qxg5 {[%clk 0:01:40]} 24. Nxd6 {[%clk 0:05:38]}  Rc7 {[%clk 0:01:41]} 25. Ne3 {[%clk 0:05:02]}  Nxe3 {[%clk 0:01:23]} 26. Rxe3 {[%clk 0:04:56]}  Ne7 {[%clk 0:01:01]} 27. a4 {[%clk 0:04:11]}  Rd7 {[%clk 0:00:57]} 28. Nf5 {[%clk 0:03:19]}  Nxf5 {[%clk 0:00:59]} 29. exf5 {[%clk 0:03:20]}  Qxf5 {[%clk 0:00:55]} 30. axb5 {[%clk 0:03:07]}  axb5 {[%clk 0:00:53]} 31. Qxf5 {[%clk 0:02:49]}  Bxf5 {[%clk 0:00:54]} 32. Rxe5 {[%clk 0:02:48]}  Bxd3 {[%clk 0:00:54]} 33. Rxc5 {[%clk 0:02:49]}  g6 {[%clk 0:00:53]} 34. Ra6 {[%clk 0:02:35]}  Rfd8 {[%clk 0:00:55]} 35. Rxg6+ {[%clk 0:02:35]}  Kh7 {[%clk 0:00:56]} 36. Rgg5 {[%clk 0:02:30]}  Bg6 {[%clk 0:00:54]} 37. Rcd5 {[%clk 0:02:07]}  b4 {[%clk 0:00:40]} 38. cxb4 {[%clk 0:02:01]}  Rxd5 {[%clk 0:00:32]} 39. Rxd5 {[%clk 0:02:01]}  Rb8 {[%clk 0:00:34]} 40. b5 {[%clk 0:02:01]}  Kg7 {[%clk 0:00:31]} 41. Bc4 {[%clk 0:01:58]}  Kf6 {[%clk 0:00:30]} 42. f4 {[%clk 0:01:53]}  Rc8 {[%clk 0:00:22]} 43. b3 {[%clk 0:01:52]}  Rc7 {[%clk 0:00:23]} 44. Kf2 {[%clk 0:01:39]}  Ke7 {[%clk 0:00:25]} 45. Ke3 {[%clk 0:01:31]}  f6 {[%clk 0:00:26]} 46. Kd4 {[%clk 0:01:28]}  h4 {[%clk 0:00:23]} 47. b6 {[%clk 0:01:30]}  Rb7 {[%clk 0:00:17]} 48. Kc5 {[%clk 0:01:30]}  Be4 {[%clk 0:00:14]} 49. Rh5 {[%clk 0:01:29]}  Bxg2 {[%clk 0:00:15]} 50. Rxh4 {[%clk 0:01:30]}  Kd8 {[%clk 0:00:09]} 51. Rh8+ {[%clk 0:01:28]}  Kd7 {[%clk 0:00:10]} 52. Ba6 {[%clk 0:01:25]}  f5 {[%clk 0:00:05]} 53. Bxb7 {[%clk 0:01:26]}  Bxb7 {[%clk 0:00:06]} 54. Rh7+ {[%clk 0:01:27]}  Kc8 {[%clk 0:00:08]} 55. Kd6 {[%clk 0:01:22]}  Be4 {[%clk 0:00:10]} 56. Ke5 {[%clk 0:01:18]}  Kb8 {[%clk 0:00:12]} 57. Rf7 {[%clk 0:01:18]}  Kc8 {[%clk 0:00:14]} 58. Rxf5 {[%clk 0:01:19]}  Bxf5 {[%clk 0:00:16]} 59. Kxf5 {[%clk 0:01:23]} 1-0

[Event "Leili Parnpuu Memorial 2026"]
[Site "Pärnu, EE"]
[Date "2026.02.01"]
[Round "2"]
[White "Haapsal, Maria Ioanna"]
[Black "Berzina, Ilze"]
[Result "0-1"]
[Board "3"]
[WhiteFideId "4512286"]
[BlackFideId "11601345"]
[WhiteTitle "WCM"]
[BlackTitle "WGM"]
[WhiteElo "1950"]
[BlackElo "2080"]
[WhiteTeam "EST"]
[BlackTeam "LAT"]
[WhiteClock "0:00:06"]
[BlackClock "0:01:08"]
[Variant "Standard"]

1. e4 {[%clk 0:15:04]}  c6 {[%clk 0:15:03]} 2. d3 {[%clk 0:14:40]}  d5 {[%clk 0:14:58]} 3. Nd2 {[%clk 0:14:40]}  g6 {[%clk 0:14:48]} 4. Ngf3 {[%clk 0:14:37]}  Bg7 {[%clk 0:14:43]} 5. g3 {[%clk 0:14:36]}  e5 {[%clk 0:14:31]} 6. Bg2 {[%clk 0:14:34]}  Ne7 {[%clk 0:14:24]} 7. O-O {[%clk 0:14:30]}  O-O {[%clk 0:14:20]} 8. Qe2 {[%clk 0:14:10]}  dxe4 {[%clk 0:13:25]} 9. dxe4 {[%clk 0:13:56]}  c5 {[%clk 0:12:22]} 10. a4 {[%clk 0:13:47]}  Nbc6 {[%clk 0:12:11]} 11. c3 {[%clk 0:13:42]}  b6 {[%clk 0:10:43]} 12. Rd1 {[%clk 0:13:07]}  Qc7 {[%clk 0:10:32]} 13. Nf1 {[%clk 0:12:34]}  Be6 {[%clk 0:10:00]} 14. N3d2 {[%clk 0:10:48]}  Rad8 {[%clk 0:09:32]} 15. Ne3 {[%clk 0:10:30]}  Na5 {[%clk 0:09:09]} 16. c4 {[%clk 0:07:10]}  Nec6 {[%clk 0:08:40]} 17. Nd5 {[%clk 0:06:52]}  Nd4 {[%clk 0:07:29]} 18. Qd3 {[%clk 0:06:54]}  Qd7 {[%clk 0:07:05]} 19. Nf3 {[%clk 0:05:23]}  Bg4 {[%clk 0:06:40]} 20. b3 {[%clk 0:04:54]}  Naxb3 {[%clk 0:06:22]} 21. Ra3 {[%clk 0:04:52]}  Na5 {[%clk 0:05:52]} 22. Bg5 {[%clk 0:02:23]}  f6 {[%clk 0:05:41]} 23. Bd2 {[%clk 0:02:12]}  Nac6 {[%clk 0:04:36]} 24. Rda1 {[%clk 0:01:05]}  Nb4 {[%clk 0:03:50]} 25. Bxb4 {[%clk 0:00:27]}  cxb4 {[%clk 0:03:49]} 26. R3a2 {[%clk 0:00:30]}  b3 {[%clk 0:03:21]} 27. Rb2 {[%clk 0:00:19]}  Bxf3 {[%clk 0:03:17]} 28. Bxf3 {[%clk 0:00:21]}  f5 {[%clk 0:03:07]} 29. a5 {[%clk 0:00:10]}  b5 {[%clk 0:02:17]} 30. a6 {[%clk 0:00:04]}  bxc4 {[%clk 0:02:11]} 31. Qxc4 {[%clk 0:00:06]}  Nxf3+ {[%clk 0:01:56]} 32. Kg2 {[%clk 0:00:06]}  Qf7 {[%clk 0:01:22]} 33. Kxf3 {[%clk 0:00:06]}  fxe4+ {[%clk 0:01:21]} 34. Kxe4 {[%clk 0:00:06]}  Qf3# {[%clk 0:01:08]} 0-1

[Event "Leili Parnpuu Memorial 2026"]
[Site "Pärnu, EE"]
[Date "2026.02.01"]
[Round "3"]
[White "Ter-Avetisjana, Agnesa Stepania"]
[Black "Olde, Margareth"]
[Result "1/2-1/2"]
[Board "1"]
[WhiteFideId "11614900"]
[BlackFideId "4503082"]
[WhiteTitle "WIM"]
[BlackTitle "WIM"]
[WhiteElo "2188"]
[BlackElo "2080"]
[WhiteTeam "LAT"]
[BlackTeam "EST"]
[WhiteClock "0:00:13"]
[BlackClock "0:00:06"]
[Variant "Standard"]

1. e4 {[%clk 0:15:05]}  d6 {[%clk 0:15:04]} 2. d4 {[%clk 0:15:06]}  Nf6 {[%clk 0:15:06]} 3. Nc3 {[%clk 0:14:43]}  e5 {[%clk 0:15:08]} 4. dxe5 {[%clk 0:12:23]}  dxe5 {[%clk 0:15:10]} 5. Qxd8+ {[%clk 0:12:24]}  Kxd8 {[%clk 0:15:11]} 6. a3 {[%clk 0:12:26]}  Be6 {[%clk 0:14:47]} 7. Nf3 {[%clk 0:10:41]}  Nbd7 {[%clk 0:12:09]} 8. Ng5 {[%clk 0:09:54]}  Bc5 {[%clk 0:11:39]} 9. Nxe6+ {[%clk 0:09:23]}  fxe6 {[%clk 0:11:41]} 10. Bc4 {[%clk 0:09:25]}  Ke7 {[%clk 0:11:22]} 11. f3 {[%clk 0:09:26]}  c6 {[%clk 0:10:43]} 12. Ke2 {[%clk 0:08:35]}  b5 {[%clk 0:10:02]} 13. Ba2 {[%clk 0:08:37]}  Bd4 {[%clk 0:09:12]} 14. Nd1 {[%clk 0:08:33]}  Rhd8 {[%clk 0:07:37]} 15. c3 {[%clk 0:08:33]}  Bb6 {[%clk 0:07:33]} 16. Be3 {[%clk 0:08:35]}  Nc5 {[%clk 0:06:42]} 17. Nf2 {[%clk 0:08:36]}  Na4 {[%clk 0:05:06]} 18. Rab1 {[%clk 0:08:37]}  Bxe3 {[%clk 0:03:00]} 19. Kxe3 {[%clk 0:08:38]}  Rd6 {[%clk 0:03:02]} 20. Bb3 {[%clk 0:05:45]}  Nb6 {[%clk 0:01:38]} 21. Nd3 {[%clk 0:02:09]}  Nfd7 {[%clk 0:01:40]} 22. Rbc1 {[%clk 0:02:11]}  Nc4+ {[%clk 0:00:34]} 23. Bxc4 {[%clk 0:01:52]}  bxc4 {[%clk 0:00:36]} 24. Nf2 {[%clk 0:01:54]}  Rb8 {[%clk 0:00:23]} 25. Rc2 {[%clk 0:01:55]}  Nc5 {[%clk 0:00:19]} 26. Rd1 {[%clk 0:00:20]}  Rxd1 {[%clk 0:00:16]} 27. Nxd1 {[%clk 0:00:21]}  Na4 {[%clk 0:00:05]} 28. Kd2 {[%clk 0:00:13]}  Rd8+ {[%clk 0:00:07]} 29. Kc1 {[%clk 0:00:15]}  Nc5 {[%clk 0:00:08]} 30. Ne3 {[%clk 0:00:10]}  Nb3+ {[%clk 0:00:09]} 31. Kb1 {[%clk 0:00:10]}  Rd3 {[%clk 0:00:05]} 32. Nxc4 {[%clk 0:00:07]}  Rd1+ {[%clk 0:00:07]} 33. Ka2 {[%clk 0:00:09]}  Nc1+ {[%clk 0:00:07]} 34. Kb1 {[%clk 0:00:06]}  Nb3+ {[%clk 0:00:04]} 35. Ka2 {[%clk 0:00:09]}  Nc1+ {[%clk 0:00:06]} 36. Kb1 {[%clk 0:00:11]}  Nb3+ {[%clk 0:00:06]} 37. Ka2 {[%clk 0:00:13]} 1/2-1/2

[Event "Leili Parnpuu Memorial 2026"]
[Site "Pärnu, EE"]
[Date "2026.02.01"]
[Round "3"]
[White "Berzina, Ilze"]
[Black "Olde, Grete"]
[Result "1-0"]
[Board "2"]
[WhiteFideId "11601345"]
[BlackFideId "4503104"]
[WhiteTitle "WGM"]
[BlackTitle "WCM"]
[WhiteElo "2080"]
[BlackElo "2124"]
[WhiteTeam "LAT"]
[BlackTeam "EST"]
[WhiteClock "0:01:35"]
[BlackClock "0:00:04"]
[Variant "Standard"]

1. e4 {[%clk 0:15:05]}  e5 {[%clk 0:15:05]} 2. Nf3 {[%clk 0:15:06]}  Nc6 {[%clk 0:15:07]} 3. Bb5 {[%clk 0:15:07]}  a6 {[%clk 0:15:08]} 4. Ba4 {[%clk 0:15:08]}  Nf6 {[%clk 0:15:09]} 5. O-O {[%clk 0:15:08]}  Bc5 {[%clk 0:15:04]} 6. d3 {[%clk 0:14:46]}  b5 {[%clk 0:14:58]} 7. Bb3 {[%clk 0:14:47]}  d6 {[%clk 0:14:59]} 8. a4 {[%clk 0:14:41]}  Bb7 {[%clk 0:14:44]} 9. Nc3 {[%clk 0:14:30]}  b4 {[%clk 0:14:14]} 10. Nd5 {[%clk 0:14:16]}  h6 {[%clk 0:13:59]} 11. c3 {[%clk 0:13:56]}  O-O {[%clk 0:12:35]} 12. a5 {[%clk 0:13:22]}  Rb8 {[%clk 0:11:36]} 13. Be3 {[%clk 0:12:18]}  Bxe3 {[%clk 0:11:12]} 14. fxe3 {[%clk 0:11:09]}  Bc8 {[%clk 0:10:50]} 15. Nxf6+ {[%clk 0:10:52]}  gxf6 {[%clk 0:10:01]} 16. Nh4 {[%clk 0:10:46]}  Kh7 {[%clk 0:08:27]} 17. Qh5 {[%clk 0:10:34]}  f5 {[%clk 0:06:22]} 18. Bd5 {[%clk 0:08:45]}  Qg5 {[%clk 0:04:42]} 19. Qxg5 {[%clk 0:07:55]}  hxg5 {[%clk 0:04:43]} 20. Nxf5 {[%clk 0:07:48]}  Nd8 {[%clk 0:03:54]} 21. Ne7 {[%clk 0:07:14]}  Bd7 {[%clk 0:03:21]} 22. Bc4 {[%clk 0:06:53]}  Ne6 {[%clk 0:02:54]} 23. Bxa6 {[%clk 0:06:29]}  Nc5 {[%clk 0:01:12]} 24. Bc4 {[%clk 0:06:26]}  Be6 {[%clk 0:01:04]} 25. Bxe6 {[%clk 0:06:09]}  fxe6 {[%clk 0:00:56]} 26. Nc6 {[%clk 0:06:00]}  Rxf1+ {[%clk 0:00:39]} 27. Rxf1 {[%clk 0:05:57]}  Ra8 {[%clk 0:00:37]} 28. cxb4 {[%clk 0:05:13]}  Nxd3 {[%clk 0:00:30]} 29. Rf7+ {[%clk 0:04:59]}  Kg6 {[%clk 0:00:32]} 30. Rxc7 {[%clk 0:04:59]}  Nxb2 {[%clk 0:00:25]} 31. b5 {[%clk 0:04:48]}  Nc4 {[%clk 0:00:18]} 32. Ne7+ {[%clk 0:04:29]}  Kf6 {[%clk 0:00:14]} 33. Rxc4 {[%clk 0:03:15]}  Kxe7 {[%clk 0:00:16]} 34. a6 {[%clk 0:03:17]}  Kd7 {[%clk 0:00:11]} 35. Rc6 {[%clk 0:03:02]}  Rb8 {[%clk 0:00:06]} 36. a7 {[%clk 0:02:43]}  Ra8 {[%clk 0:00:09]} 37. Ra6 {[%clk 0:02:43]}  Kc7 {[%clk 0:00:09]} 38. h3 {[%clk 0:02:11]}  d5 {[%clk 0:00:08]} 39. Rxe6 {[%clk 0:02:07]}  dxe4 {[%clk 0:00:05]} 40. Rxe5 {[%clk 0:02:02]}  Kd6 {[%clk 0:00:05]} 41. Rxg5 {[%clk 0:01:49]}  Rxa7 {[%clk 0:00:07]} 42. Kf2 {[%clk 0:01:43]}  Ra3 {[%clk 0:00:06]} 43. h4 {[%clk 0:01:40]}  Ke6 {[%clk 0:00:08]} 44. h5 {[%clk 0:01:38]}  Kf6 {[%clk 0:00:08]} 45. Rc5 {[%clk 0:01:39]}  Rb3 {[%clk 0:00:08]} 46. g4 {[%clk 0:01:33]}  Rb2+ {[%clk 0:00:05]} 47. Kg3 {[%clk 0:01:35]}  Rb1 {[%clk 0:00:04]} 48. Kf4 {[%clk 0:01:35]} 1-0

[Event "Leili Parnpuu Memorial 2026"]
[Site "Pärnu, EE"]
[Date "2026.02.01"]
[Round "3"]
[White "Blokhin, Sofia"]
[Black "Narva, Regina"]
[Result "1-0"]
[Board "3"]
[WhiteFideId "4508190"]
[BlackFideId "4500237"]
[WhiteTitle "WFM"]
[BlackTitle "WFM"]
[WhiteElo "2013"]
[BlackElo "1992"]
[WhiteTeam "EST"]
[BlackTeam "EST"]
[WhiteClock "0:00:20"]
[BlackClock "0:00:06"]
[Variant "Standard"]

1. d4 {[%clk 0:15:03]}  Nf6 {[%clk 0:15:03]} 2. c4 {[%clk 0:15:04]}  b6 {[%clk 0:15:04]} 3. Nc3 {[%clk 0:15:01]}  e6 {[%clk 0:15:06]} 4. e4 {[%clk 0:14:54]}  Bb7 {[%clk 0:15:09]} 5. f3 {[%clk 0:14:54]}  Bb4 {[%clk 0:15:09]} 6. e5 {[%clk 0:13:33]}  Ng8 {[%clk 0:15:10]} 7. Be3 {[%clk 0:13:16]}  Ne7 {[%clk 0:13:21]} 8. Bd3 {[%clk 0:12:42]}  c5 {[%clk 0:12:31]} 9. a3 {[%clk 0:09:42]}  cxd4 {[%clk 0:11:56]} 10. Bxd4 {[%clk 0:09:22]}  Bxc3+ {[%clk 0:10:36]} 11. Bxc3 {[%clk 0:09:15]}  Nbc6 {[%clk 0:10:37]} 12. Nh3 {[%clk 0:06:47]}  Ng6 {[%clk 0:09:37]} 13. Bxg6 {[%clk 0:05:41]}  hxg6 {[%clk 0:09:39]} 14. Nf2 {[%clk 0:05:25]}  Qh4 {[%clk 0:05:43]} 15. Qd3 {[%clk 0:03:42]}  O-O-O {[%clk 0:05:23]} 16. g3 {[%clk 0:03:28]}  Qh5 {[%clk 0:04:47]} 17. Qe3 {[%clk 0:01:10]}  d5 {[%clk 0:04:47]} 18. exd6 {[%clk 0:02:29]}  Rxd6 {[%clk 0:03:38]} 19. Ne4 {[%clk 0:02:22]}  Rd7 {[%clk 0:02:59]} 20. Bxg7 {[%clk 0:02:00]}  Rg8 {[%clk 0:02:37]} 21. Bf6 {[%clk 0:01:30]}  e5 {[%clk 0:02:14]} 22. O-O {[%clk 0:01:18]}  Nd4 {[%clk 0:02:06]} 23. Rac1 {[%clk 0:00:47]}  Nf5 {[%clk 0:01:13]} 24. Qf2 {[%clk 0:00:31]}  Nd4 {[%clk 0:01:00]} 25. c5 {[%clk 0:00:28]}  Nxf3+ {[%clk 0:00:46]} 26. Qxf3 {[%clk 0:00:29]}  Qxf3 {[%clk 0:00:48]} 27. Rxf3 {[%clk 0:00:19]}  Bxe4 {[%clk 0:00:50]} 28. cxb6+ {[%clk 0:00:19]}  Kb7 {[%clk 0:00:52]} 29. Re3 {[%clk 0:00:18]}  Bf5 {[%clk 0:00:34]} 30. bxa7 {[%clk 0:00:18]}  e4 {[%clk 0:00:31]} 31. g4 {[%clk 0:00:18]}  Bxg4 {[%clk 0:00:27]} 32. Rxe4 {[%clk 0:00:19]}  Bf5 {[%clk 0:00:22]} 33. Ra4 {[%clk 0:00:18]}  Re8 {[%clk 0:00:16]} 34. Be5 {[%clk 0:00:20]}  Rxe5 {[%clk 0:00:06]} 1-0